[Event "St Louis Spring B"]
[Site "Saint Louis USA"]
[Date "2022.03.06"]
[Round "5.1"]
[White "Moradiabadi, Elshan"]
[Black "Yoo, Christopher Woojin"]
[Result "1/2-1/2"]
[WhiteTitle "GM"]
[BlackTitle "IM"]
[WhiteElo "2540"]
[BlackElo "2514"]
[WhiteFideId "12501255"]
[BlackFideId "30909694"]
[EventDate "2022.03.02"]

1. d4 Nf6 2. c4 e6 3. g3 d5 4. Bg2 Be7 5. Nf3 O-O 6. O-O dxc4 7. Qc2 b5 8. a4 b4
9. Nfd2 c6 10. Nxc4 Qxd4 11. Be3 Qd8 12. Rd1 Nd5 13. Nbd2 Nd7 14. Nb3 Ba6 15.
Nca5 Rc8 16. Nxc6 Bf6 17. Bxd5 exd5 18. Rac1 Qe8 19. Qd2 Nb6 20. Bxb6 axb6 21.
Nxb4 Qxa4 22. Ra1 Qxb3 23. Rxa6 Bg5 24. f4 Be7 25. Nxd5 Bc5+ 26. Kf1 Rfe8 27.
Raa1 Rcd8 28. Ra7 h6 29. Qd3 Qxb2 30. Rb1 Qd4 31. Qxd4 Bxd4 32. Ne7+ Kf8 33. Nc6
Rd6 34. Nxd4 Rxd4 35. Rb2 Re6 36. Rb7 Rdd6 37. Ra2 g5 38. Kf2 Re7 39. Ra8+ Re8
40. Raa7 Rf6 41. Kf3 g4+ 42. Kxg4 Rxe2 43. h4 Re3 44. Ra8+ Kg7 45. h5 Rc6 46.
Raa7 Rf6 47. Rc7 Rb3 48. Rab7 Ra3 49. Rc8 Re6 50. Rcc7 Rf6 51. Rc8 Re6 52. Rbb8
Kf6 53. Rg8 Rb3 54. Rb7 Ree3 55. Kh4 Red3 56. Rc7 Rdc3 57. Rd7 Rd3 58. Rxd3 Rxd3
59. g4 Rd1 60. Kg3 Rh1 61. Kg2 Rh4 62. Kg3 Rh1 63. Kg2 Rh4 64. Kf3 Rh1 65. Ke4
Re1+ 66. Kd5 Rd1+ 67. Kc6 Rd4 68. g5+ hxg5 69. h6 Rxf4 70. h7 Rh4 71. h8=Q+ Rxh8
72. Rxh8 Ke5 73. Rg8 Kf4 74. Kd5 g4 75. Kd4 g3 76. Kd3 Kf3 77. Rf8 g2 78. Rxf7+
Kg3 79. Rg7+ Kf2 80. Rf7+ Kg3 81. Rg7+ 1/2-1/2

[Event "St Louis Spring B"]
[Site "Saint Louis USA"]
[Date "2022.03.06"]
[Round "5.2"]
[White "Repka, Christopher"]
[Black "Mikaelyan, Arman"]
[Result "1/2-1/2"]
[WhiteTitle "GM"]
[BlackTitle "GM"]
[WhiteElo "2508"]
[BlackElo "2497"]
[WhiteFideId "14918781"]
[BlackFideId "13304852"]
[EventDate "2022.03.02"]

1. Nf3 d5 2. c4 c6 3. g3 Nf6 4. Bg2 dxc4 5. O-O Nbd7 6. Qc2 Nb6 7. Na3 Be6 8.
Ng5 Bg4 9. Nxc4 Bxe2 10. Ne5 Bh5 11. a4 h6 12. Ne4 Nbd7 13. Nxd7 Nxd7 14. a5 a6
15. d4 e6 16. Bf4 Bg6 17. Qb3 Bxe4 18. Bxe4 Qc8 19. d5 Nc5 20. dxc6 bxc6 21. Qf3
Nxe4 22. Qxe4 Qb7 23. Rac1 Rc8 24. Rfd1 Be7 25. Qd4 f6 26. Qc4 g5 27. Bd6 Kf7
28. Re1 Bxd6 29. Qxe6+ Kg6 30. Qxd6 Rhd8 31. Qa3 Rd2 32. b4 Qd7 33. Qe3 Rd4 34.
Qe6 Rd6 35. Qe2 Rb8 36. Rcd1 Rd5 37. Qe4+ Qf5 38. Qe7 Qf3 39. Rxd5 Qxd5 40. h3
h5 41. g4 hxg4 42. hxg4 Rh8 43. Qe4+ Kf7 44. Qe7+ Kg6 45. Qe4+ Kf7 46. Qe7+ 1/2-1/2

[Event "St Louis Spring B"]
[Site "Saint Louis USA"]
[Date "2022.03.06"]
[Round "5.3"]
[White "Mishra, Abhimanyu"]
[Black "Hungaski, Robert"]
[Result "1-0"]
[WhiteTitle "GM"]
[BlackTitle "GM"]
[WhiteElo "2505"]
[BlackElo "2537"]
[WhiteFideId "30920019"]
[BlackFideId "2021030"]
[EventDate "2022.03.02"]

1. e4 e5 2. Nf3 Nc6 3. Bc4 Nf6 4. d3 h6 5. O-O d6 6. c3 g5 7. Nbd2 Bg7 8. Bb3 a6
9. Nc4 Be6 10. d4 exd4 11. Nxd4 Nxd4 12. cxd4 d5 13. Na5 b6 14. Ba4+ Kf8 15. Nc6
Qe8 16. e5 b5 17. exf6 Bxf6 18. Ne5 bxa4 19. f4 Bxe5 20. fxe5 Qb5 21. Be3 Rb8
22. Rc1 Qd7 23. Qf3 Rxb2 24. Bxg5 Ke8 25. Rb1 Rb5 26. Qf6 Rg8 27. Qxh6 Qc8 28.
Qf6 Kd7 29. Rbc1 Qf8 30. h4 Kc8 31. Rc6 Rb6 32. Rfc1 Rxc6 33. Rxc6 Kb7 34. Rc5
Rg6 35. Qf1 Qe8 36. Qb1+ Ka8 37. Rxc7 Qb8 38. Qc2 Qb6 39. Rc5 Qb4 40. Qd3 Kb7
41. Rc1 Ka7 42. Rb1 Qc4 43. Qa3 Qc6 44. Qe7+ Ka8 45. Rc1 Qd7 46. Qf8+ Ka7 47.
Be7 Bf5 48. Bc5+ Kb7 49. Bd6 Kb6 50. Qb8+ Qb7 51. Bc7+ 1-0

[Event "St Louis Spring B"]
[Site "Saint Louis USA"]
[Date "2022.03.06"]
[Round "5.4"]
[White "Stremavicius, Titas"]
[Black "Khanin, Semen"]
[Result "1/2-1/2"]
[WhiteTitle "GM"]
[BlackTitle "IM"]
[WhiteElo "2520"]
[BlackElo "2509"]
[WhiteFideId "12804444"]
[BlackFideId "4111990"]
[EventDate "2022.03.02"]

1. f4 Nf6 2. Nf3 g6 3. g3 Bg7 4. Bg2 O-O 5. O-O d5 6. d3 c5 7. c3 Nc6 8. a4 Qb6
9. Kh1 Rd8 10. Na3 Na5 11. b4 cxb4 12. cxb4 Nc6 13. Nc2 Nxb4 14. a5 Qc5 15. Nxb4
Qxb4 16. Ba3 Qc3 17. Bxe7 Re8 18. Ra3 Qb2 19. Rb3 Qa2 20. Ra3 Qb2 21. Rb3 Qa2
22. Ra3 Qb2 23. Rb3 1/2-1/2

[Event "St Louis Spring B"]
[Site "Saint Louis USA"]
[Date "2022.03.06"]
[Round "5.5"]
[White "Ali Marandi, Cemil Can"]
[Black "Raja, Harshit"]
[Result "1/2-1/2"]
[WhiteTitle "GM"]
[BlackTitle "GM"]
[WhiteElo "2524"]
[BlackElo "2482"]
[WhiteFideId "6300529"]
[BlackFideId "5089000"]
[EventDate "2022.03.02"]

1. Nf3 d5 2. e3 Nf6 3. c4 e6 4. Nc3 a6 5. b3 c5 6. cxd5 exd5 7. d4 cxd4 8. Nxd4
Bb4 9. Bd2 Bd6 10. Be2 O-O 11. O-O Nc6 12. Nxc6 bxc6 13. Bf3 Qe7 14. Ne2 Ne4 15.
Ng3 Nxd2 16. Qxd2 a5 17. Rac1 Bd7 18. e4 Bxg3 19. hxg3 dxe4 20. Bxe4 Qxe4 21.
Qxd7 Qe2 22. a4 Rab8 23. Rxc6 Rxb3 24. Qd5 Ra3 25. Qxa5 Re8 26. Rcc1 Rxg3 27.
Rce1 Rxg2+ 28. Kh1 Rg6 29. Rxe2 Rh6+ 30. Kg2 Rg6+ 31. Kh1 Rh6+ 32. Kg2 Rg6+ 33.
Kh1 Rh6+ 1/2-1/2

[Event "St Louis Spring B"]
[Site "Saint Louis USA"]
[Date "2022.03.07"]
[Round "6.1"]
[White "Yoo, Christopher Woojin"]
[Black "Raja, Harshit"]
[Result "0-1"]
[WhiteTitle "IM"]
[BlackTitle "GM"]
[WhiteElo "2514"]
[BlackElo "2482"]
[WhiteFideId "30909694"]
[BlackFideId "5089000"]
[EventDate "2022.03.02"]

1. e4 e5 2. Nf3 Nc6 3. Bc4 Nf6 4. Ng5 d5 5. exd5 Na5 6. Bb5+ c6 7. dxc6 bxc6 8.
Bd3 Nd5 9. h4 Qc7 10. Nc3 h6 11. Nf3 Bd6 12. O-O O-O 13. Be2 f5 14. d4 e4 15.
Ne5 Nxc3 16. bxc3 f4 17. f3 Bxe5 18. dxe5 Rd8 19. Qe1 e3 20. c4 Qxe5 21. Rb1 Bf5
22. Bb2 Qc7 23. Bc3 Nb7 24. Qc1 Qe7 25. Qb2 Rd7 26. Rfd1 Rad8 27. Rxd7 Rxd7 28.
Be1 Kh7 29. Kf1 Nc5 30. Rd1 Rxd1 31. Bxd1 Qd6 32. Be2 Ne6 33. Qc3 c5 34. g4 fxg3
35. Qxe3 Bxc2 36. Bc3 Nd4 37. Kg2 Nf5 38. Qe5 Qd8 39. Qf4 Qe7 40. Bf1 Nxh4+ 41.
Kxg3 Ng6 42. Qg4 Qe3 43. Bb2 Qe1+ 44. Kg2 Bd1 45. Qg3 Bxf3+ 46. Kxf3 Qxf1+ 47.
Ke3 Qxc4 48. Qc7 Qe6+ 49. Kd2 Qe7 50. Qxe7 Nxe7 51. Ba3 h5 52. Bxc5 Nc8 53. Ke3
Nb6 54. Kf4 Kh6 55. Bd4 Nd5+ 56. Ke4 Nf6+ 57. Kf5 a6 58. Be3+ Kh7 59. Kg5 Ng4
60. Bd4 g6 61. a4 Nh2 62. Bf6 Nf3+ 63. Kf4 Nd2 64. Ke3 Nf1+ 65. Kd4 Kh6 66. Kc5
g5 67. Kb6 h4 68. Kxa6 h3 69. Be5 g4 70. a5 g3 71. Bf4+ Kg6 0-1

[Event "St Louis Spring B"]
[Site "Saint Louis USA"]
[Date "2022.03.07"]
[Round "6.2"]
[White "Khanin, Semen"]
[Black "Ali Marandi, Cemil Can"]
[Result "1-0"]
[WhiteTitle "IM"]
[BlackTitle "GM"]
[WhiteElo "2509"]
[BlackElo "2524"]
[WhiteFideId "4111990"]
[BlackFideId "6300529"]
[EventDate "2022.03.02"]

1. e4 e5 2. Nf3 Nc6 3. d4 exd4 4. Nxd4 Nf6 5. Nxc6 bxc6 6. e5 Qe7 7. Qe2 Nd5 8.
h4 Qe6 9. Nd2 a5 10. Nf3 Ba6 11. c4 Bb4+ 12. Bd2 Nb6 13. b3 O-O 14. Bxb4 axb4
15. Qe3 f6 16. Bd3 fxe5 17. Ng5 Qh6 18. Nxh7 Qxe3+ 19. fxe3 Rfd8 20. Ng5 d5 21.
Bh7+ Kh8 22. Bg6 Rf8 23. h5 dxc4 24. Ne6 cxb3 25. h6 Rf1+ 26. Rxf1 Bxf1 27.
hxg7+ Kg8 28. Kxf1 b2 29. Rd1 Nd5 30. Kf2 Rxa2 31. Bh7+ 1-0

[Event "St Louis Spring B"]
[Site "Saint Louis USA"]
[Date "2022.03.07"]
[Round "6.3"]
[White "Hungaski, Robert"]
[Black "Stremavicius, Titas"]
[Result "1-0"]
[WhiteTitle "GM"]
[BlackTitle "GM"]
[WhiteElo "2537"]
[BlackElo "2520"]
[WhiteFideId "2021030"]
[BlackFideId "12804444"]
[EventDate "2022.03.02"]

1. Nf3 f5 2. c4 Nf6 3. g3 e6 4. Bg2 d5 5. O-O Be7 6. d4 Ne4 7. b3 Nc6 8. Bb2 h5
9. Nc3 h4 10. e3 hxg3 11. fxg3 Bb4 12. Nxe4 dxe4 13. Ne5 Qg5 14. Qe2 Nxe5 15.
dxe5 Bd7 16. Rad1 Rh7 17. Rf2 O-O-O 18. a3 Rdh8 19. Bf1 Qxg3+ 20. Rg2 Qh4 21.
axb4 Be8 22. Qe1 Qe7 23. Ra1 Kb8 24. Bd4 b6 25. Ra6 Bc6 26. b5 Bb7 27. Ra4 f4
28. exf4 e3 29. Raa2 Qf7 30. Qxe3 Rh4 31. Raf2 Qh5 32. Be2 Qh7 33. Bf3 Rh3 34.
Qe2 Qb1+ 35. Rf1 Qxb3 36. Bxb7 Kxb7 37. Rxg7 Kb8 38. Qg2 Rd8 39. Rg8 Rh8 40.
Rxh8 Rxh8 41. Qe2 Rd8 42. Bf2 Rd3 43. f5 Qxc4 44. f6 Rg3+ 45. Bxg3 Qxe2 46. f7
Qe3+ 47. Kg2 Qe4+ 48. Rf3 Qc2+ 49. Kh3 1-0

[Event "St Louis Spring B"]
[Site "Saint Louis USA"]
[Date "2022.03.07"]
[Round "6.4"]
[White "Mikaelyan, Arman"]
[Black "Mishra, Abhimanyu"]
[Result "0-1"]
[WhiteTitle "GM"]
[BlackTitle "GM"]
[WhiteElo "2497"]
[BlackElo "2505"]
[WhiteFideId "13304852"]
[BlackFideId "30920019"]
[EventDate "2022.03.02"]

1. d4 d5 2. c4 c6 3. Nc3 Nf6 4. Nf3 e6 5. e3 Nbd7 6. Qc2 Bd6 7. Bd3 dxc4 8. Bxc4
b5 9. Bd3 Bb7 10. O-O O-O 11. e4 e5 12. h3 Re8 13. dxe5 Nxe5 14. Nxe5 Bxe5 15.
Be3 a6 16. a4 Qe7 17. Ne2 Bc7 18. Bc5 Bd6 19. Bxd6 Qxd6 20. Ng3 g6 21. Rad1 Qb4
22. f4 c5 23. e5 c4 24. Bf5 Nd5 25. Qf2 gxf5 26. Nxf5 Re6 27. Rd4 Kh8 28. Rfd1
Rg8 29. Nd6 Rxd6 30. exd6 Qxd6 31. Rxd5 Bxd5 32. Qd4+ f6 33. Qxd5 Qxf4 34. axb5
axb5 35. Re1 Qg5 36. Qxg5 Rxg5 37. Re7 Rg3 38. h4 Rb3 39. h5 h6 40. Re2 Kg7 41.
g4 Rg3+ 42. Kf2 Rxg4 43. Re7+ Kf8 44. Rh7 Rg5 0-1

[Event "St Louis Spring B"]
[Site "Saint Louis USA"]
[Date "2022.03.07"]
[Round "6.5"]
[White "Moradiabadi, Elshan"]
[Black "Repka, Christopher"]
[Result "1/2-1/2"]
[WhiteTitle "GM"]
[BlackTitle "GM"]
[WhiteElo "2540"]
[BlackElo "2508"]
[WhiteFideId "12501255"]
[BlackFideId "14918781"]
[EventDate "2022.03.02"]

1. e4 e5 2. Nf3 Nc6 3. Bb5 a6 4. Ba4 Nf6 5. d3 d6 6. c3 g6 7. O-O Bg7 8. Re1 O-O
9. h3 b5 10. Bc2 a5 11. Be3 a4 12. Nbd2 Re8 13. c4 Bd7 14. a3 Qb8 15. Rb1 Na5
16. cxb5 Qxb5 17. d4 exd4 18. Bxd4 Nh5 19. Bxg7 Kxg7 20. Nd4 Qg5 21. N2f3 Qf6
22. Bxa4 Bxa4 23. Qxa4 Nf4 24. Qd1 Nc4 25. Qc2 Ne5 26. Nxe5 Rxe5 27. Ne2 Ne6 28.
Rbd1 Raa5 29. f3 Qh4 30. Rf1 f5 31. exf5 gxf5 32. f4 Rac5 33. Qd3 Red5 34. Qe3
Qf6 35. Rxd5 Rxd5 36. b4 c5 37. Re1 Kf7 38. bxc5 dxc5 39. Qb3 Rd2 40. Kh1 h5 41.
Ng3 h4 42. Ne2 Kg6 43. a4 Ng7 44. Qe3 Ra2 45. Qxc5 Rxa4 46. Nc3 Ra6 47. Nd5 Qb2
48. Ne7+ Kh7 49. Qc8 Qa2 50. Kh2 Ra8 51. Qc6 Ra6 52. Qc8 Ra8 53. Qc6 Ra6 54. Qc7
Ra7 55. Qd8 Ra8 56. Qd6 Ra6 57. Qd4 Re6 58. Rxe6 Qxe6 59. Nd5 Kg6 60. Ne3 Nh5
61. Nc4 Qf6 62. Ne5+ Kh6 63. Qf2 Kg7 64. Qa7+ Kg8 65. Qa8+ Kh7 66. Qa7+ Kg8 67.
Qf2 Qh6 68. Nd3 Ng3 69. Qd4 Qf8 70. Qd5+ Kh7 71. Ne5 Qe7 72. Qc6 Qg7 73. Qe6
Nf1+ 74. Kg1 Ng3 75. Qa6 Nh5 76. Qd3 Qa7+ 77. Kh2 Ng3 78. Qd1 Qc7 79. Qe1 Qb8
80. Qf2 Qc7 81. Qd4 Nf1+ 82. Kg1 Ng3 83. Qd1 Kh6 84. Kh2 Qb6 85. Nf3 Qf2 86. Qe1
Nf1+ 1/2-1/2

[Event "St Louis Spring B"]
[Site "Saint Louis USA"]
[Date "2022.03.08"]
[Round "7.1"]
[White "Repka, Christopher"]
[Black "Yoo, Christopher Woojin"]
[Result "1-0"]
[WhiteTitle "GM"]
[BlackTitle "IM"]
[WhiteElo "2508"]
[BlackElo "2514"]
[WhiteFideId "14918781"]
[BlackFideId "30909694"]
[EventDate "2022.03.02"]

1. Nf3 d5 2. g3 c5 3. Bg2 Nf6 4. O-O e6 5. b3 Be7 6. Bb2 O-O 7. c4 d4 8. e3 Nc6
9. exd4 cxd4 10. Re1 Re8 11. d3 Bc5 12. Ne5 Nxe5 13. Rxe5 Qd6 14. f4 a5 15. a4
Rb8 16. Na3 Bd7 17. Ra2 Qb6 18. Nb5 Bxb5 19. axb5 Nd7 20. Re4 Nf6 21. Re5 Nd7
22. Re2 Bb4 23. Kh1 Rbd8 24. Qa1 e5 25. fxe5 Nxe5 26. Qd1 Ng4 27. Bc1 Ne3 28.
Qg1 f5 29. Bf3 Re7 30. Qf2 Kh8 31. Bg2 Qf6 32. Qf3 Rde8 33. Bh3 g6 34. Kg1 Kg7
35. Rf2 h5 36. Rae2 b6 37. Qc6 Re6 38. Qd7+ R8e7 39. Qd8 h4 40. Rf4 Rd6 41. Qa8
g5 42. Rff2 g4 43. Bg2 hxg3 44. hxg3 Rf7 45. Bb2 Nd1 46. Bd5 Nxf2 47. Kxf2 Rf8
48. Qb7+ Kg6 49. Bc1 Rh8 50. Bf4 Rh2+ 51. Bg2 Rh7 52. Qc8 Rd8 53. Qc6 Re7 54.
Rxe7 Bxe7 55. Be5 Qxc6 56. bxc6 Rc8 57. c7 Bf6 58. Bd6 Be7 59. Bxe7 Rxc7 60. Bd8
a4 61. bxa4 Ra7 62. Bc6 f4 63. Bxb6 Re7 64. Bxd4 f3 65. Be4+ Kh5 66. a5 Re6 67.
Bb6 Kg5 68. c5 Re8 69. c6 Rh8 70. Be3+ Kh5 71. c7 Rc8 72. Bb6 Kg5 73. a6 Rh8 74.
Be3+ Kh5 75. a7 Rb8 76. Bg6+ 1-0

[Event "St Louis Spring B"]
[Site "Saint Louis USA"]
[Date "2022.03.08"]
[Round "7.2"]
[White "Mishra, Abhimanyu"]
[Black "Moradiabadi, Elshan"]
[Result "1/2-1/2"]
[WhiteTitle "GM"]
[BlackTitle "GM"]
[WhiteElo "2505"]
[BlackElo "2540"]
[WhiteFideId "30920019"]
[BlackFideId "12501255"]
[EventDate "2022.03.02"]

1. e4 c5 2. Nf3 d6 3. Bb5+ Nd7 4. a4 a6 5. Be2 Ngf6 6. Nc3 b6 7. d4 cxd4 8. Qxd4
Bb7 9. O-O e6 10. Rd1 Qc7 11. Be3 Ng4 12. Bg5 Rc8 13. Nd2 Nge5 14. Be3 Nc6 15.
Qc4 Be7 16. Nf3 O-O 17. Rd2 Na5 18. Qxc7 Rxc7 19. Rdd1 Rfc8 20. Bf4 e5 21. Bg5
Bf8 22. Nd2 Rb8 23. Be3 f5 24. f3 g6 25. Bf1 Kf7 26. Nd5 Bxd5 27. exd5 Rxc2 28.
b4 f4 29. Bf2 Rxd2 30. Rxd2 Nb3 31. Rdd1 Nxa1 32. Rxa1 b5 33. axb5 axb5 34. Ra5
Be7 35. Rxb5 Rc8 36. Ra5 Rc1 37. b5 Rb1 38. g3 g5 39. Ra7 Nf6 40. gxf4 gxf4 41.
Kg2 e4 42. fxe4 f3+ 43. Kg1 Nxe4 44. Bh4 Nf6 45. Ra3 Nxd5 46. Rxf3+ Ke6 47. Bf2
Bg5 48. h4 Bf6 49. Kg2 Rb4 50. Kh3 Nf4+ 51. Kh2 Be5 52. Bg3 Nh5 53. Bxe5 dxe5
54. Bh3+ Kd5 55. Rf7 Rb2+ 56. Bg2+ Ke6 57. Rxh7 Nf4 58. Rg7 e4 59. Kg1 e3 60.
Bf3 Rxb5 61. Rg4 Rb1+ 62. Kh2 Rb2+ 63. Kg3 e2 64. Bxe2 Nxe2+ 65. Kf3 Nc3 66.
Rg6+ Kf5 67. Rg5+ Kf6 68. Rc5 Rb3 69. Kf4 Rb4+ 70. Kf3 Ne4 71. Rd5 Ke6 72. Ra5
Nd2+ 73. Kg3 Nc4 74. Rg5 Kf6 75. Rg8 Nd6 76. Rf8+ Nf7 77. Ra8 Kf5 78. Rf8 Rb3+
79. Kg2 Kg6 80. Re8 Kh5 81. Re4 Nh6 82. Kf2 Ng4+ 83. Ke2 Kxh4 84. Re8 Kg3 85.
Rf8 Ra3 86. Rf5 Rb3 87. Rf8 Ne5 88. Rf5 Nf3 89. Rf8 Nd4+ 90. Kd2 Ne6 91. Re8 Rb6
92. Ke3 Ng5 93. Rf8 Rb3+ 94. Kd4 Ne6+ 95. Kc4 Nxf8 96. Kxb3 1/2-1/2

[Event "St Louis Spring B"]
[Site "Saint Louis USA"]
[Date "2022.03.08"]
[Round "7.3"]
[White "Stremavicius, Titas"]
[Black "Mikaelyan, Arman"]
[Result "0-1"]
[WhiteTitle "GM"]
[BlackTitle "GM"]
[WhiteElo "2520"]
[BlackElo "2497"]
[WhiteFideId "12804444"]
[BlackFideId "13304852"]
[EventDate "2022.03.02"]

1. c4 c5 2. Nf3 Nc6 3. e3 Nf6 4. Nc3 e6 5. d4 d5 6. a3 cxd4 7. exd4 Be7 8. c5
Ne4 9. Qc2 f5 10. Bb5 O-O 11. Be3 Bf6 12. h4 f4 13. Bxc6 Nxc3 14. Bd2 Ne4 15.
Bb5 Bd7 16. Bd3 b6 17. Bxe4 dxe4 18. Qxe4 bxc5 19. dxc5 Bb5 20. O-O-O Qe7 21.
Bxf4 Qxc5+ 22. Kb1 Qb6 23. Ne5 Qxf2 24. Rd2 Qb6 25. Rhd1 Rad8 26. Be3 Rxd2 27.
Rxd2 Qc7 28. Nf3 Rc8 29. Rc2 Bc4 30. Nd2 Ba2+ 31. Kc1 Bd5 32. Rxc7 Rxc7+ 33. Qc2
Rxc2+ 34. Kxc2 Bxg2 35. h5 a6 36. b4 Bc6 37. Kd3 Bb5+ 38. Kc2 Ba4+ 39. Kd3 h6
40. Ne4 Bb5+ 41. Kd2 Bb2 42. Kc2 Be5 43. Nc5 Kf7 44. a4 Bc4 45. Nd7 Bd6 46. Bc5
Bf4 47. Be3 Bg3 48. Bf2 Bxf2 49. Ne5+ Kf6 50. Nxc4 Kg5 51. Kd3 Kxh5 52. Ne5 Kg5
53. Ke4 h5 54. a5 h4 55. Kf3 Be1 56. b5 Bxa5 57. bxa6 Bb6 58. Nc6 Kf5 59. a7
Bxa7 60. Nxa7 g5 61. Nc6 g4+ 62. Kf2 Kf4 63. Nd4 e5 64. Ne6+ Ke4 65. Nc5+ Kd4
66. Ne6+ Ke4 67. Nc5+ Kf4 68. Ne6+ Kf5 69. Ng7+ Kf6 70. Ne8+ Kg5 71. Nc7 g3+ 72.
Kg2 Kg4 73. Ne6 h3+ 74. Kf1 g2+ 75. Kf2 e4 76. Nd4 e3+ 77. Kg1 Kg3 78. Ne2+ Kf3
79. Nd4+ Ke4 80. Nc2 Kd3 81. Ne1+ Kd2 82. Nf3+ Kd1 0-1

[Event "St Louis Spring B"]
[Site "Saint Louis USA"]
[Date "2022.03.08"]
[Round "7.4"]
[White "Ali Marandi, Cemil Can"]
[Black "Hungaski, Robert"]
[Result "1-0"]
[WhiteTitle "GM"]
[BlackTitle "GM"]
[WhiteElo "2524"]
[BlackElo "2537"]
[WhiteFideId "6300529"]
[BlackFideId "2021030"]
[EventDate "2022.03.02"]

1. e4 d5 2. exd5 Qxd5 3. Nc3 Qa5 4. b4 Qxb4 5. Rb1 Qd6 6. d4 c6 7. Nf3 g6 8. Bc4
Bg7 9. Ne4 Qc7 10. Ne5 Bxe5 11. dxe5 Qxe5 12. f3 f6 13. O-O Nd7 14. Re1 Kf8 15.
Kh1 Qc7 16. Qe2 Kg7 17. Bb3 Nf8 18. Ba3 Be6 19. Bxe6 Nxe6 20. Nf2 Nf4 21. Qc4 e5
22. Ne4 b6 23. Rbd1 b5 24. Qc3 Re8 25. Rd6 Qf7 26. Rxc6 Nd5 27. Qd2 Nge7 28. Nd6
Qg8 29. Nxe8+ Qxe8 30. Rd6 b4 31. Bxb4 Qb5 32. Ba3 Rc8 33. Rd1 Rc3 34. Bc1 Re3
35. Rd7 g5 36. Rxe7+ 1-0

[Event "St Louis Spring B"]
[Site "Saint Louis USA"]
[Date "2022.03.08"]
[Round "7.5"]
[White "Raja, Harshit"]
[Black "Khanin, Semen"]
[Result "0-1"]
[WhiteTitle "GM"]
[BlackTitle "IM"]
[WhiteElo "2482"]
[BlackElo "2509"]
[WhiteFideId "5089000"]
[BlackFideId "4111990"]
[EventDate "2022.03.02"]

1. e4 e5 2. Nf3 Nc6 3. Bb5 a6 4. Ba4 Nf6 5. O-O Be7 6. Re1 b5 7. Bb3 O-O 8. a4
Bb7 9. d3 d6 10. Bg5 Na5 11. Ba2 b4 12. Nbd2 h6 13. Bxf6 Bxf6 14. Nf1 Rb8 15.
Ne3 Bc8 16. Nd2 g6 17. Ndc4 Nxc4 18. Bxc4 a5 19. c3 c6 20. Qf3 Bg7 21. Rad1 Bd7
22. d4 bxc3 23. bxc3 exd4 24. cxd4 Rb4 25. Qg3 d5 26. exd5 cxd5 27. Bxd5 Bxa4
28. Rb1 Rxd4 29. Qf3 Qf6 30. Rb7 Qxf3 31. gxf3 Rb4 32. Ra7 Rb5 33. Rc1 Bd4 34.
Rd7 Kg7 35. h4 Rb4 36. Re7 Bb3 37. Bxb3 Rxb3 38. Kg2 h5 39. Rc4 Bf6 40. Ra7 Rb5
41. Ra4 Rfb8 42. R7xa5 Rxa5 43. Rxa5 Bxh4 44. Ra4 Bf6 45. Rc4 Rb2 46. Rc2 Rb3
47. Rc4 Be5 48. Rc2 g5 49. Nf5+ Kf6 50. Ng3 Kg6 51. Ne2 h4 52. Rc4 Rb2 53. Ng1
Rd2 54. Nh3 Bd6 55. Rc8 f6 56. Rd8 Kf5 57. Rg8 Be7 58. Ra8 Kg6 59. Ra7 Bd8 60.
Ra6 Kh5 61. Rc6 f5 62. Rc5 Kg6 63. Rc4 Bf6 64. Ra4 Rd6 65. Rb4 Bd4 66. Rb5 Kf6
67. Ng1 g4 68. fxg4 fxg4 69. Rh5 h3+ 70. Nxh3 gxh3+ 71. Rxh3 Kf5 72. Rf3+ Ke4
73. Rf8 Rg6+ 74. Kf1 Be5 75. Ke2 Ra6 76. Re8 Ra2+ 77. Kf1 Ra7 78. Ke2 Rf7 79.
Rg8 Bd4 80. Rg4+ Kd5 81. Rg2 Kc4 82. Rh2 Re7+ 83. Kf3 Kd3 84. Rh4 Be5 85. Rg4
Rf7+ 86. Kg2 Bd4 87. Rg6 Bxf2 88. Re6 Kd4 89. Ra6 Ke5 90. Ra5+ Ke4 91. Ra4+ Bd4
92. Kg3 Rf8 93. Kg4 Rg8+ 94. Kh4 Ke5 95. Kh3 Be3 96. Rg4 Ra8 97. Rb4 Bf4 98. Kg4
Rg8+ 99. Kf3 Rg3+ 100. Ke2 Ra3 101. Rc4 Be3 102. Rc8 Bd4 103. Re8+ Kd5 104. Rd8+
Kc4 105. Rc8+ Bc5 106. Re8 Rh3 107. Rc8 Re3+ 108. Kd2 Re7 109. Kc2 Re2+ 110. Kd1
Rh2 111. Kc1 Kd4 112. Kb1 Bb4 113. Rc2 Rh8 114. Rf2 Kc3 115. Rc2+ Kd3 116. Rf2
Bc3 117. Rf3+ Kd2 118. Rf2+ Ke3 119. Rf7 Rh2 120. Kc1 Bd4 121. Rf8 Kd3 122. Rf3+
Be3+ 123. Kb1 Re2 124. Rf5 Kc3 125. Re5 Rb2+ 126. Ka1 Bd4 127. Rh5 Re2 128. Kb1
Re1+ 129. Ka2 Kc4 0-1

[Event "St Louis Spring B"]
[Site "Saint Louis USA"]
[Date "2022.03.09"]
[Round "8.1"]
[White "Yoo, Christopher Woojin"]
[Black "Khanin, Semen"]
[Result "1-0"]
[WhiteTitle "IM"]
[BlackTitle "IM"]
[WhiteElo "2514"]
[BlackElo "2509"]
[WhiteFideId "30909694"]
[BlackFideId "4111990"]
[EventDate "2022.03.02"]

1. e4 e5 2. Nc3 Nf6 3. d4 exd4 4. Qxd4 Nc6 5. Qd3 Be7 6. Bf4 d6 7. O-O-O Bg4 8.
f3 Be6 9. g4 a6 10. Qe3 Nd7 11. g5 Nce5 12. h4 c6 13. Bg3 Qb6 14. Qxb6 Nxb6 15.
f4 Ng4 16. Be2 Bd7 17. Nf3 f5 18. exf5 Ne3 19. f6 gxf6 20. Rde1 Ng4 21. Nd4 Kd8
22. Bf3 h5 23. Re2 d5 24. Rhe1 Bc5 25. Ne6+ Bxe6 26. Rxe6 Kd7 27. Bxg4 hxg4 28.
Rxf6 Rae8 29. Rf7+ Re7 30. Rfxe7+ Bxe7 31. f5 Rf8 32. f6 Bxf6 33. gxf6 Rxf6 34.
Ne2 Nc4 35. Rg1 Ke6 36. b3 Ne3 37. Bf4 Nf5 38. Rxg4 Rf8 39. Bg5 Ke5 40. Nf4 Rf7
41. Nd3+ Ke6 42. Rg1 Nd6 43. Re1+ 1-0

[Event "St Louis Spring B"]
[Site "Saint Louis USA"]
[Date "2022.03.09"]
[Round "8.2"]
[White "Hungaski, Robert"]
[Black "Raja, Harshit"]
[Result "1/2-1/2"]
[WhiteTitle "GM"]
[BlackTitle "GM"]
[WhiteElo "2537"]
[BlackElo "2482"]
[WhiteFideId "2021030"]
[BlackFideId "5089000"]
[EventDate "2022.03.02"]

1. d4 Nf6 2. Nf3 d5 3. Bf4 e6 4. e3 Bd6 5. Nbd2 O-O 6. Bd3 b6 7. Ne5 c5 8. c3
Ba6 9. Bxa6 Nxa6 10. h4 Qc7 11. h5 h6 12. g4 cxd4 13. exd4 Nc5 14. Qe2 Nfe4 15.
f3 Nxd2 16. Qxd2 f6 17. dxc5 Bxe5 18. cxb6 axb6 19. Be3 Bg3+ 20. Kd1 Qc4 21. Qd4
Qb5 22. Kc1 Qe2 23. Rg1 Be5 24. Qd2 Qxf3 25. Kc2 Ra4 26. Qd3 b5 27. Bc5 Qxd3+
28. Kxd3 Rfa8 29. a3 Rc4 30. Bb4 Rac8 31. a4 bxa4 32. Rxa4 Rf4 33. Ra6 Re8 34.
Bc5 Rf3+ 35. Ke2 Rh3 36. Rg2 Rb8 37. Kd1 Rc8 38. Bd6 Bxd6 39. Rxd6 Re3 40. Re2
Rxe2 41. Kxe2 Kf7 42. Rd7+ Kf8 43. Kd3 Rc4 44. b4 Rxg4 45. b5 Ke8 46. Rc7 Kd8
47. b6 Rg2 48. Kd4 Rg4+ 49. Kd3 Rg2 50. Kd4 Rg4+ 1/2-1/2

[Event "St Louis Spring B"]
[Site "Saint Louis USA"]
[Date "2022.03.09"]
[Round "8.3"]
[White "Mikaelyan, Arman"]
[Black "Ali Marandi, Cemil Can"]
[Result "1/2-1/2"]
[WhiteTitle "GM"]
[BlackTitle "GM"]
[WhiteElo "2497"]
[BlackElo "2524"]
[WhiteFideId "13304852"]
[BlackFideId "6300529"]
[EventDate "2022.03.02"]

1. d4 d5 2. c4 c6 3. Nc3 Nf6 4. Nf3 e6 5. Bg5 Nbd7 6. e3 Be7 7. Rc1 O-O 8. Qc2
h6 9. Bh4 a6 10. cxd5 cxd5 11. Bd3 b5 12. a4 bxa4 13. Nxa4 Qa5+ 14. Nc3 Bb7 15.
O-O Rfc8 16. Ne5 Qd8 17. f4 Ne4 18. Bxe4 dxe4 19. Nxd7 Qxd7 20. Bxe7 Qxe7 21. f5
Qg5 22. Qf2 Qxf5 23. Qxf5 exf5 24. Rxf5 Rab8 25. Ra1 Rc4 26. Rc5 Rb4 27. Ra2 g5
28. h4 gxh4 29. Kh2 Kg7 30. Kh3 Rd8 31. Kxh4 Rd6 32. Rc7 Rdb6 33. Ra5 Rf6 34.
Na4 Bc6 35. Nc5 Bb5 36. b3 Rf2 37. g4 Rf3 38. Nxe4 Rxe3 39. Nd6 Rexb3 40. Rxf7+
Kg6 41. Rf4 Rd3 42. Nxb5 Rb1 43. Rxa6+ Kg7 44. Ra7+ Kg6 45. Ra6+ Kg7 46. g5
hxg5+ 47. Kxg5 Rxb5+ 48. Kg4 Rd5 49. Ra4 Kg6 50. Ra6+ 1/2-1/2